000 00264nam a22001217a 4500
020 _aNA
082 _222
_a629.822
100 _aSukla, R. C.
245 _aControl systems /
260 _bDhanpat Rai & Co. Ltd.,
_cc2004.
300 _a0
_bill. ;
942 _2ddc
_cEE
_07
999 _c3992
_d3992